Integrating poverty and gender into health programmes : (Record no. 17888)
[ view plain ]
| 000 -LEADER | |
|---|---|
| fixed length control field | 01350cam a22003374a 4500 |
| 001 - CONTROL NUMBER | |
| control field | 15998053 |
| 005 - DATE AND TIME OF LATEST TRANSACTION | |
| control field | 20140102121635.0 |
| 008 - FIXED-LENGTH DATA ELEMENTS--GENERAL INFORMATION | |
| fixed length control field | 091127t2008 ph a grb i000 0 eng c |
| 010 ## - LIBRARY OF CONGRESS CONTROL NUMBER | |
| LC control number | 2009517977 |
| 016 7# - NATIONAL BIBLIOGRAPHIC AGENCY CONTROL NUMBER | |
| Record control number | 101496345 |
| Source | DNLM |
| 020 ## - INTERNATIONAL STANDARD BOOK NUMBER | |
| International Standard Book Number | 9789290613893 |
| 020 ## - INTERNATIONAL STANDARD BOOK NUMBER | |
| International Standard Book Number | 9290613890 |
| 040 ## - CATALOGING SOURCE | |
| Original cataloging agency | NLM |
| Transcribing agency | NLM |
| Modifying agency | OCLCQ |
| -- | DLC |
| 043 ## - GEOGRAPHIC AREA CODE | |
| Geographic area code | p------ |
| 082 04 - DEWEY DECIMAL CLASSIFICATION NUMBER | |
| Classification number | 613.95091823 |
| Edition number | 22 |
| Item number | COL |
| 100 1# - MAIN ENTRY--PERSONAL NAME | |
| Personal name | Coll-Black, Sarah |
| 9 (RLIN) | 34721 |
| 245 10 - TITLE STATEMENT | |
| Title | Integrating poverty and gender into health programmes : |
| Remainder of title | a sourcebook for health professionals. |
| Name of part/section of a work | Module on sexual and reproductive health / |
| Statement of responsibility, etc | [Sarah Coll-Black and Elizabeth Lindsey, consultants and principal writers]. |
| 246 30 - VARYING FORM OF TITLE | |
| Title proper/short title | Module on sexual and reproductive health |
| 260 ## - PUBLICATION, DISTRIBUTION, ETC. (IMPRINT) | |
| Place of publication, distribution, etc | Manila : |
| Name of publisher, distributor, etc | World Health Organization, Western Pacific Region, |
| Date of publication, distribution, etc | c.2008. |
| 300 ## - PHYSICAL DESCRIPTION | |
| Extent | viii, 115 p. : |
| Other physical details | ill (col.) ; |
| Dimensions | 28 cm. |
| 504 ## - BIBLIOGRAPHY, ETC. NOTE | |
| Bibliography, etc | Bibliography : p. 95-115. |
| 650 #0 - SUBJECT ADDED ENTRY--TOPICAL TERM | |
| Topical term or geographic name as entry element | Sexual health |
| Geographic subdivision | Pacific Area |
| 9 (RLIN) | 34722 |
| 650 #0 - SUBJECT ADDED ENTRY--TOPICAL TERM | |
| Topical term or geographic name as entry element | Reproductive health |
| Geographic subdivision | Pacific Area |
| 9 (RLIN) | 34723 |
| 650 #0 - SUBJECT ADDED ENTRY--TOPICAL TERM | |
| Topical term or geographic name as entry element | Health promotion |
| Geographic subdivision | Pacific Area |
| 9 (RLIN) | 34724 |
| 650 #0 - SUBJECT ADDED ENTRY--TOPICAL TERM | |
| Topical term or geographic name as entry element | Poverty |
| Geographic subdivision | Pacific Area |
| 9 (RLIN) | 34725 |
| 653 ## - INDEX TERM--UNCONTROLLED | |
| Resource For college | |
| Arrived date list | December2013 |
| 655 ## - INDEX TERM--GENRE/FORM | |
| Form subdivision | |
| -- | 34232 |
| 700 1# - ADDED ENTRY--PERSONAL NAME | |
| Personal name | Lindsey, Elizabeth, |
| Titles and other words associated with a name | Dr. |
| 9 (RLIN) | 34726 |
| 710 2# - ADDED ENTRY--CORPORATE NAME | |
| Corporate name or jurisdiction name as entry element | World Health Organization. |
| Subordinate unit | Regional Office for the Western Pacific. |
| 9 (RLIN) | 34727 |
| 942 ## - ADDED ENTRY ELEMENTS (KOHA) | |
| Source of classification or shelving scheme | Dewey Decimal Classification |
| Item type | Book - Borrowing |
| Call number prefix | 613.95091823 COL |
| Withdrawn status | Item status | Source of classification or shelving scheme | Damaged status | Not for loan | Vendor | Home library | Current library | Shelving location | Date acquired | Source of acquisition | Total Checkouts | Full call number | Barcode | Date last seen | Koha item type |
|---|---|---|---|---|---|---|---|---|---|---|---|---|---|---|---|
| Dewey Decimal Classification | Donation-Gift | Central Library | Central Library | First floor | 22/12/2013 | Donation | 613.95091823 COL | 000035256 | 15/07/2025 | Book - Borrowing | |||||
| Dewey Decimal Classification | Donation-Gift | Central Library | Central Library | First floor | 02/01/2014 | Donation | 613.95091823 COL | 000035279 | 15/07/2025 | Book - Borrowing |